Zadlžovanie sa slovenských domácností ako jeden z dôsledkov nízkej finančnej gramotnosti bakalárska práca

Gespeichert in:
Bibliographische Detailangaben
1. Verfasser: Bizub, Marek
Körperschaft: Národohospodárska fakulta EU. Katedra ekonómie
Weitere Verfasser: Novák, Marcel, 1979-
Format: Buch
Sprache:Slowakisch
Veröffentlicht: Bratislava 2024
Tags: Tag hinzufügen
Keine Tags, Fügen Sie das erste Tag hinzu!

MARC

LEADER 00000nbm a2200000 4500
001 0301649
005 20241113101512.3
041 0 |a slo 
044 |a SK 
245 1 0 |a Zadlžovanie sa slovenských domácností ako jeden z dôsledkov nízkej finančnej gramotnosti  |b bakalárska práca  |c Marek Bizub ; školiteľ: Marcel Novák 
264 1 |a Bratislava  |c 2024 
300 |a 45 s. 
100 1 |a Bizub, Marek 
700 1 |a Novák, Marcel, 1979- 
710 2 |a Národohospodárska fakulta EU. Katedra ekonómie